| 000 | 01156cam a2200301 4500 | ||
|---|---|---|---|
| 001 | 2677974 | ||
| 003 | ARRUPE | ||
| 005 | 20160203120116.0 | ||
| 008 | 900122s1913 enkbf 000 0 eng c | ||
| 010 | _aa 16000638 //r47 | ||
| 035 | _a(OCoLC)ocm20939025 | ||
| 035 | _a(NNC)2677974 | ||
| 040 |
_aLynn, Mass. Public libr. _cKCP _dZCU |
||
| 050 |
_aSPC DT115. _bT634 |
||
| 099 |
_a962 _aT566 |
||
| 100 | 1 |
_aTodd, John A. _q(John Aiton), _d1875- _921963 |
|
| 245 | 1 | 4 |
_aThe banks of the Nile, _cpainted by Ella Du Cane, text by John A. Todd. Notes on the plates by Florence Du Cane. |
| 260 |
_aLondon, _bA. and C. Black, _c1913. |
||
| 300 |
_axv, 282 p. _bcol. front., 159 col. pl., 2 fold. maps. _c23 cm. |
||
| 500 | _aEach plate accompanied by guard sheet with descriptive letterpress. | ||
| 500 | _aAppendix A: Brief Eqyptian chronology. Appendix B. Note on the pronunciation of Arabic. Appendix C: Etymology of Arabic place names. | ||
| 651 | 0 |
_aNile River. _921678 |
|
| 651 | 0 |
_aEgypt _xHistory. _9222 |
|
| 651 | 0 |
_aEgypt _xDescription and travel. _921964 |
|
| 700 | 1 |
_aDu Cane, Ella, _eillustrator. _921965 |
|
| 942 |
_2lcc _cSPC |
||
| 999 |
_c124089 _d124089 |
||